| 000 | 01452nam a2200253Ia 4500 | ||
|---|---|---|---|
| 003 | OSt | ||
| 005 | 20210830161418.0 | ||
| 008 | 210310s1984 mx fr 001 0 spa d | ||
| 020 | _a9688371866 | ||
| 040 |
_aCO-JMCR _cCO-JMCR |
||
| 041 | 0 | _aspa | |
| 082 | 0 | 4 |
_a340.1 / _bP923l _223 |
| 100 | 1 |
_aPreciado Hernández , Rafael, _917313 _eautor |
|
| 245 | 1 | 0 |
_aLecciones de filosofía del derecho / _cRafael Preciado Hernández |
| 250 | _aSegunda edición | ||
| 260 |
_aMéxico : _bUniversidad Nacional Autónoma de México ; _c1984 |
||
| 300 |
_a313 páginas ; _c22 cm. |
||
| 490 | 0 | _aTextos universitarios | |
| 500 | _aIncluye notas a pie de página e índice de autores y analítico. | ||
| 505 | 0 | _aFilosofía y filosofía del derecho -- Misión de la filosofía del derecho -- Contenido de la filosofía del derecho -- El problema del método en la filosofía del derecho -- Filosofía del derecho y ciencias afines -- Concepto genérico de norma -- Especies de normas -- Normas jurídicas -- El derecho es una relación social -- Derecho positivo -- Derecho y reglas del tanto social -- Relaciones entre lo normativo, lo social y lo moral -- El bien, objeto formal de la voluntad -- El bien común -- La justicia -- La seguridad jurídica -- Derecho natural -- Síntesis de la investigación sobre los primeros principios del derecho | |
| 650 | 1 | 4 |
_aDerecho _917315 _xFilosofía |
| 650 | 2 | 4 |
_aDerecho _xHistoria _zGrecia _939789 |
| 942 |
_2ddc _cBK |
||
| 999 |
_c8452 _d8452 |
||